000 00438nam a2200145Ia 4500
003 SEM
008 141116s9999 xx 000 0 und d
080 _a*******
100 _aՄուրատեան Ս. Մարտիրոսյան Ն.
245 _aՑուցակ Ձեռագրաց Մշոյ Ս. Առաքելոց-թարգմանչաց Վանքի և Շրջակայից
260 _aԵրևան
260 _c1967
300 _a220
942 _2udc
_cBK
999 _c45017
_d45017